Christmas tangthu ( the history of christmas ) (Record no. 11139)

MARC details
000 -LEADER
fixed length control field 00511nam a22001697a 4500
003 - CONTROL NUMBER IDENTIFIER
control field GBCCL
005 - DATE AND TIME OF LATEST TRANSACTION
control field 20260128101744.0
008 - FIXED-LENGTH DATA ELEMENTS--GENERAL INFORMATION
fixed length control field 260128b |||||||| |||| 00| 0 eng d
040 ## - CATALOGING SOURCE
Transcribing agency GBC
082 ## - DEWEY DECIMAL CLASSIFICATION NUMBER
Classification number VER 263.915
Item number ZOU 1
100 ## - MAIN ENTRY--PERSONAL NAME
Personal name Zou, M Kamneithang
245 ## - TITLE STATEMENT
Title Christmas tangthu ( the history of christmas )
260 ## - PUBLICATION, DISTRIBUTION, ETC.
Place of publication, distribution, etc. Kamdou veng :
Name of publisher, distributor, etc. Chingngaihvung,
Date of publication, distribution, etc. 2025
300 ## - PHYSICAL DESCRIPTION
Extent 81p. ;
650 ## - SUBJECT ADDED ENTRY--TOPICAL TERM
Topical term or geographic name entry element Christmas
942 ## - ADDED ENTRY ELEMENTS (KOHA)
Source of classification or shelving scheme Dewey Decimal Classification
Koha item type Books
Suppress in OPAC No
Holdings
Withdrawn status Lost status Source of classification or shelving scheme Damaged status Not for loan Home library Current Library Shelving location Date acquired Total checkouts Full call number Barcode Date last seen Copy number Price effective from Koha item type
    Dewey Decimal Classification     GRACE BIBLE COLLEGE GRACE BIBLE COLLEGE Vernacular 2026-01-28   VER 263.915 ZOU 017371 2026-01-28 c.1 2026-01-28 Books
    Dewey Decimal Classification     GRACE BIBLE COLLEGE GRACE BIBLE COLLEGE Vernacular 2026-01-28   VER 263.915 ZOU 017372 2026-01-28 c.2 2026-01-28 Books
    Dewey Decimal Classification     GRACE BIBLE COLLEGE GRACE BIBLE COLLEGE Vernacular 2026-01-28   VER 263.915 ZOU 017373 2026-01-28 c.3 2026-01-28 Books
    Dewey Decimal Classification     GRACE BIBLE COLLEGE GRACE BIBLE COLLEGE Vernacular 2026-01-28   VER 263.915 ZOU 017374 2026-01-28 c.4 2026-01-28 Books
    Dewey Decimal Classification     GRACE BIBLE COLLEGE GRACE BIBLE COLLEGE Vernacular 2026-01-28   VER 263.915 ZOU 017375 2026-01-28 c.5 2026-01-28 Books
© Grace Bible College Library 2025